Construction project scheduling / (Record no. 586488)

000 -LEADER
fixed length control field 01352cam a2200325 a 4500
001 - CONTROL NUMBER
control field 4379957
005 - DATE AND TIME OF LATEST TRANSACTION
control field 20211004160445.0
008 - FIXED-LENGTH DATA ELEMENTS--GENERAL INFORMATION
fixed length control field 910917s1992 nyua b 001 0 eng
010 ## - LIBRARY OF CONGRESS CONTROL NUMBER
LC control number 91036133
020 ## - INTERNATIONAL STANDARD BOOK NUMBER
International Standard Book Number 0070097011 :
Terms of availability $48.95
040 ## - CATALOGING SOURCE
Original cataloging agency DLC
Transcribing agency DLC
Modifying agency DLC
050 00 - LIBRARY OF CONGRESS CALL NUMBER
Classification number TH438
Item number .C26 1992
082 00 - DEWEY DECIMAL CLASSIFICATION NUMBER
Classification number 624.0685
Edition number 20
Author Mark CAL
100 1# - MAIN ENTRY--PERSONAL NAME
Personal name Callahan, Michael T.
9 (RLIN) 26639
245 10 - TITLE STATEMENT
Title Construction project scheduling /
Statement of responsibility, etc. Michael T. Callahan, Daniel G. Quackenbush, James E. Rowings.
260 ## - PUBLICATION, DISTRIBUTION, ETC.
Place of publication, distribution, etc. New York :
Name of publisher, distributor, etc. McGraw-Hill,
Date of publication, distribution, etc. c1992.
300 ## - PHYSICAL DESCRIPTION
Extent xviii, 439 p. :
Other physical details ill. ;
Dimensions 24 cm.
440 #0 - SERIES STATEMENT/ADDED ENTRY--TITLE
Title McGraw-Hill series in construction engineering and project management
9 (RLIN) 82920
504 ## - BIBLIOGRAPHY, ETC. NOTE
Bibliography, etc. note Includes bibliographical references and index.
650 #0 - SUBJECT ADDED ENTRY--TOPICAL TERM
Topical term or geographic name entry element Construction industry
General subdivision Management.
9 (RLIN) 806
650 #0 - SUBJECT ADDED ENTRY--TOPICAL TERM
Topical term or geographic name entry element Production scheduling.
9 (RLIN) 19469
650 #0 - SUBJECT ADDED ENTRY--TOPICAL TERM
Topical term or geographic name entry element Critical path analysis.
9 (RLIN) 26640
700 1# - ADDED ENTRY--PERSONAL NAME
Personal name Quackenbush, Daniel G.
9 (RLIN) 26641
700 1# - ADDED ENTRY--PERSONAL NAME
Personal name Rowings, James E.
9 (RLIN) 82921
856 42 - ELECTRONIC LOCATION AND ACCESS
Materials specified Publisher description
Uniform Resource Identifier <a href="http://www.loc.gov/catdir/description/mh022/91036133.html">http://www.loc.gov/catdir/description/mh022/91036133.html</a>
856 41 - ELECTRONIC LOCATION AND ACCESS
Materials specified Table of contents
Uniform Resource Identifier <a href="http://www.loc.gov/catdir/toc/mh021/91036133.html">http://www.loc.gov/catdir/toc/mh021/91036133.html</a>
906 ## - LOCAL DATA ELEMENT F, LDF (RLIN)
a 7
b cbc
c orignew
d 1
e ocip
f 19
g y-gencatlg
942 ## - ADDED ENTRY ELEMENTS (KOHA)
Source of classification or shelving scheme
Koha item type Book
Holdings
Withdrawn status Lost status Source of classification or shelving scheme Damaged status Not for loan Permanent Location Current Location Date acquired Total Checkouts Full call number Barcode Date last seen Date last checked out Price effective from Koha item type
          School of Civil and Environmental Engineering (SCEE) School of Civil and Environmental Engineering (SCEE) 10/04/2021 3 624.0685 CAL NIT-6612 01/02/2026 10/29/2025 10/04/2021 Book
© 2023 Central Library, National University of Sciences and Technology. All Rights Reserved.